00758nam a22002174a 450000500170000000800410001701000140005802000260007203500130009803700150011104000180012608200130014424501280015726000320028527000790031730000400039665000240043665000270046065000330048770000200052020090604140623.0041130s2005 nyua 000 0 eng  aENG-93868 a9788189975951c275.00 aEN-77401 bDBAD / PUB adplbEnglish  a306.8743 aChicken soup for every mom's soul :bnew stories of love and inspiration for moms of all ages /cJack Canfield ... [et al.] aNew Delhi bWestland c2005 aF-5, Okhla Industrial Area, Phase-I, Mezzanine Floor, bNew Delhi e110020 axvii, 366 p. :bill. ;c22 cm(pbk)  aMothersvAnecdotes. aMotherhoodvAnecdotes. aMother and childvAnecdotes. aCanfield, Jack,